000 003850000a22001450004500
003 LK-CoMWRAF
008 230817t ||||| |||| 00| 0 eng d
040 _aLK-CoMWRAF
_dLK-CoMWRAF
_eLK-CoMWRAF
041 _aeng
082 _a441
_bSAM
245 _aSamathanaththei Nokki
_b
260 _bWomen's Education and Research Centre - WERC
_aSri Lanka
_c
650 _aTamil Text
942 _cBK
999 _c2038
_d2038